Cities on European Routes - Statistics

General Stats
  • This quiz has been taken 12 times
  • The average score is 22 of 80
Answer Stats
Question Tile Select % Correct
cities that E40 goes through Cologne Yes
91%
cities that E40 goes through Brussels Yes
55%
cities that E40 goes through Calais Yes
55%
cities that E40 goes through Luxembourg City No
55%
cities that E40 goes through Dresden Yes
45%
cities that E40 goes through Ghent Yes
45%
cities that E40 goes through Kyiv Yes
45%
cities that E40 goes through Moscow No
45%
cities that E58 goes through Rostov-on-Don Yes
45%
cities that E5 passes through Seville Yes
45%
cities that E5 passes through Barcelona No
36%
cities that E5 passes through Birmingham Yes
36%
cities that E5 passes through Bordeaux Yes
36%
cities that E58 goes through Bratislava Yes
36%
cities that E5 passes through Cardiff No
36%
cities that E58 goes through Chișinău Yes
36%
cities that E5 passes through Glasgow Yes
36%
cities that E58 goes through Košice Yes
36%
cities that E22 goes through Lübeck Yes
36%
cities that E5 passes through Madrid Yes
36%
cities that E22 goes through Manchester Yes
36%
cities that E22 goes through Moscow Yes
36%
cities that E40 goes through Odesa No
36%
cities that E5 passes through Paris Yes
36%
cities that E40 goes through Prague No
36%
cities that E40 goes through Rotterdam No
36%
cities that E40 goes through Tashkent Yes
36%
cities that E40 goes through Almaty Yes
27%
cities that E22 goes through Amsterdam Yes
27%
cities that E55 goes through Bari Yes
27%
cities that E22 goes through Bremen Yes
27%
cities that E55 goes through Copenhagen Yes
27%
cities that E55 goes through Dresden Yes
27%
cities that E22 goes through Hamburg Yes
27%
cities that E58 goes through Iași Yes
27%
cities that E22 goes through Kazan Yes
27%
cities that E5 passes through Le Havre Yes
27%
cities that E5 passes through Lisbon No
27%
cities that E5 passes through London No
27%
cities that E58 goes through Mykolaiv Yes
27%
cities that E58 goes through Odesa Yes
27%
cities that E5 passes through Oxford Yes
27%
cities that E5 passes through Porto No
27%
cities that E22 goes through Riga Yes
27%
cities that E55 goes through Salzburg Yes
27%
cities that E58 goes through Sevastopol No
27%
cities that E40 goes through Stuttgart No
27%
cities that E5 passes through Toulouse No
27%
cities that E55 goes through Venice Yes
27%
cities that E58 goes through Vienna Yes
27%
cities that E40 goes through Warsaw No
27%
cities that E40 goes through Berlin No
18%
cities that E22 goes through Berlin No
18%
cities that E58 goes through Brno No
18%
cities that E22 goes through Brussels No
18%
cities that E58 goes through Bucharest No
18%
cities that E58 goes through Dnipro No
18%
cities that E55 goes through Graz No
18%
cities that E58 goes through Graz No
18%
cities that E55 goes through Helsingborg Yes
18%
cities that E55 goes through Kalamata Yes
18%
cities that E22 goes through Kaliningrad No
18%
cities that E58 goes through Kraków No
18%
cities that E55 goes through Leipzig No
18%
cities that E5 passes through Lille No
18%
cities that E55 goes through Ljubljana No
18%
cities that E55 goes through Malmö No
18%
cities that E55 goes through Milan No
18%
cities that E55 goes through Munich No
18%
cities that E55 goes through Ravenna Yes
18%
cities that E22 goes through Tallinn No
18%
cities that E55 goes through Athens No
9%
cities that E58 goes through Budapest No
9%
cities that E22 goes through Copenhagen No
9%
cities that E58 goes through Debrecen No
9%
cities that E22 goes through Gdansk No
9%
cities that E5 passes through Murcia No
9%
cities that E55 goes through Trieste No
9%
cities that E22 goes through Utrecht No
9%
cities that E22 goes through Vilnius No
9%
No matching quizzes found
Score Distribution
Percent of People with Each Score
Percentile by Number Answered
Your Score History
You have not taken this quiz